Burmese Alphabet (Consonants) - Statistics

General Stats
  • This quiz has been taken 31 times
  • The average score is 13 of 33
Answer Stats
Burmese character Transcription % Correct
က k
95%
g
74%
ng
63%
d
53%
n
53%
n
47%
p
47%
t
47%
b
42%
d
42%
gh
42%
l
42%
m
42%
ဉ /ည ny
42%
t
42%
bh
37%
dh
37%
h
37%
l
37%
w
37%
y
37%
a
32%
c
32%
dh
32%
hk
32%
ht
32%
ht
32%
r
32%
hp
21%
j
21%
jh
21%
s
21%
hc
16%
No matching quizzes found
Score Distribution
Percent of People with Each Score
Percentile by Number Answered
Your Score History
You have not taken this quiz